000 00857 a2200277 4500
003 CBULib
005 20231215123628.0
008 231215b |||||||| |||| 00| 0 eng d
020 _a9781466590113
040 _bEnglish
_cCBULib
_erda
041 _aeng
050 _aTK 7877 Cho
100 1 _aChoi, Jung Han
_91413
245 _aHigh-speed devices and circuits with THz applications
_c/ by Jung Han Choi
260 _bCRC Press,
_c2015.
_aBoca Raton :
300 _axv, 245 pages : illustrations
336 _2rdacontent
_aText |
_btxt
337 _2rdamedia
_aUnmediated |
_bn
338 _2rdacarrier
_aVolume
_bnc
504 _aIncludes an index
650 0 _91414
_aELECTRONIC CIRCUITS
650 0 _91415
_aVERY HIGH SPEED INTEGRATED CIRCUITS
650 0 _91416
_aTERAHERTZ TECHNOLOGY
650 0 _91414
_aELECTRONIC CIRCUITS
942 _2lcc
_c002
999 _c83451
_d83451